Visual basic : (Record no. 156394)

MARC details
000 -LEADER
fixed length control field 00638nam a22002057a 4500
003 - CONTROL NUMBER IDENTIFIER
control field dpl
005 - DATE AND TIME OF LATEST TRANSACTION
control field 20180827133220.0
008 - FIXED-LENGTH DATA ELEMENTS--GENERAL INFORMATION
fixed length control field 180827b xxu||||| |||| 00| 0 eng d
010 ## - LIBRARY OF CONGRESS CONTROL NUMBER
LC control number B-059007
020 ## - INTERNATIONAL STANDARD BOOK NUMBER
International Standard Book Number 8178880040
Terms of availability 0.00
035 ## - SYSTEM CONTROL NUMBER
System control number B-059007
037 ## - SOURCE OF ACQUISITION
Source of stock number/acquisition BPPD/PUB
040 ## - CATALOGING SOURCE
Transcribing agency 0
082 14 - DEWEY DECIMAL CLASSIFICATION NUMBER
Classification number 005.3
245 1# - TITLE STATEMENT
Title Visual basic :
Statement of responsibility, etc Edited by Devjeet Mukherjee
Remainder of title The practice portfolio of latest questions /
260 ## - PUBLICATION, DISTRIBUTION, ETC. (IMPRINT)
Place of publication, distribution, etc Delhi
Name of publisher, distributor, etc Dominant Publishers and Distributors
Date of publication, distribution, etc 2001
270 ## - ADDRESS
Address 116 A, South Anarkali
City Delhi
Postal code 110 051
300 ## - PHYSICAL DESCRIPTION
Extent 256p.
Dimensions 22cm (Hb)
942 ## - ADDED ENTRY ELEMENTS (KOHA)
Institution code [OBSOLETE] dpl
Koha item type English Books
Call number prefix 005.3 / VIS
Source of classification or shelving scheme Dewey Decimal Classification
Classification part 005.3
Call number suffix VIS
Holdings
Withdrawn status Lost status Source of classification or shelving scheme Damaged status Not for loan Collection code Home library Current library Date acquired Source of acquisition Cost, normal purchase price Total Checkouts Full call number Barcode Date last seen Cost, replacement price Price effective from Koha item type
    Dewey Decimal Classification     Non-fiction Shahdara Branch Shahdara Branch 27/08/2018 BPPD/PUB 0.00   005.3 VIS B-059007 27/08/2018 0.00 27/08/2018 English Books

© Delhi Public Library
Hit Counter
free hit counter